2025-2026 Indianapolis Colts Roster - Statistics

General Stats
  • This quiz has been taken 22 times
  • The average score is 15 of 51
Answer Stats
Position Name % Correct
Cornerback Jaylon Jones
90%
Running Back Jonathan Taylor
86%
Wide Receiver Michael Pittman Jr.
76%
Tight End Tyler Warren
76%
Wide Receiver Alec Pierce
71%
Quarterback Philip Rivers
71%
Wide Receiver Josh Downs
67%
Tight End Mo Alie-Cox
67%
Quarterback Riley Leonard
62%
Offensive Lineman Quenton Nelson
52%
Running Back Ameer Abdullah
43%
Running Back D.J. Giddens
43%
Cornerback Sauce Gardner
43%
Wide Receiver Ashton Dulin
38%
Cornerback Kenny Moore II
38%
Punter Rigoberto Sanchez
38%
Linebacker Zaire Franklin
38%
Offensive Lineman Bernhard Raimann
29%
Placekicker Blake Grupe
29%
Safety Camryn Bynum
29%
Defensive Lineman Laiatu Latu
29%
Offensive Lineman Tanor Bortolini
29%
Defensive Lineman Grover Stewart
24%
Offensive Lineman Jalen Travis
24%
Wide Receiver Laquon Treadwell
24%
Long Snapper Luke Rhodes
24%
Safety Nick Cross
24%
Running Back Tyler Goodson
24%
Linebacker Germaine Pratt
19%
Cornerback Johnathan Edwards
19%
Defensive Lineman Kwity Paye
19%
Tight End Will Mallory
19%
Offensive Lineman Dalton Tucker
14%
Linebacker Jaylon Carlies
14%
Safety Rodney Thomas II
14%
Cornerback Cameron Mitchell
10%
Cornerback Mekhi Blackmon
10%
Defensive Lineman Samson Ebukam
10%
Linebacker Segun Olubi
10%
Defensive Lineman Tyquan Lewis
10%
Defensive Lineman Adetomiwa Adebowore
5%
Linebacker Austin Ajiake
5%
Offensive Lineman Danny Pinter
5%
Defensive Lineman J.T. Tuimoloau
5%
Safety Reuben Lowery III
5%
Linebacker Buddy Johnson
0%
Defensive Lineman Chris Wormley
0%
Defensive Lineman Eric Johnson II
0%
Safety George Odum
0%
Offensive Lineman Luke Tenuta
0%
Offensive Lineman Matt Gonalves
0%
No matching quizzes found
Score Distribution
Percent of People with Each Score
Percentile by Number Answered
Your Score History
You have not taken this quiz